|
|
|
|
| LEADER |
00950nam a2200277 a 4500 |
| 001 |
GR-Patra883 |
| 008 |
991022s1978 gr 000 b ger d |
| 020 |
|
|
|a 3764310138
|
| 040 |
|
|
|a GrPaTEI
|b gre
|c GR-PaULI
|
| 245 |
0 |
0 |
|a Drehen und Gewindeschneiden.
|
| 260 |
|
|
|a Basel :
|b Birkhauser,
|c 1978
|
| 300 |
|
|
|a 100s. :
|b Abb.
|
| 490 |
1 |
|
|a Technica-Reihe ;
|v 20
|
| 500 |
|
|
|a Literatur: s.98-99
|
| 650 |
|
4 |
|a ΚΟΠΗ
|
| 650 |
|
4 |
|a ΣΠΕΙΡΩΜΑΤΑ
|
| 650 |
|
4 |
|a ΣΠΕΙΡΩΜΑΤΑ, ΚΟΠΗ ΤΩΝ
|
| 650 |
|
4 |
|a ΤΟΡΝΕΥΣΗ
|
| 650 |
|
4 |
|a ΤΟΡΝΕΥΣΗ
|
| 700 |
1 |
|
|a Widmer, Ernst
|
| 710 |
0 |
|
|a Birkhauser
|
| 830 |
|
0 |
|1 00111644
|1 2001
|a Technica-Reihe ;
|v 20
|
| 942 |
|
|
|2 ddc
|
| 952 |
|
|
|0 0
|1 0
|2 ddc
|4 0
|6 621_944000000000000_WID
|7 0
|9 281939
|a LISK
|b LISK
|c BSC
|d 2021-01-17
|e 24
|f 0
|g 0.00
|l 0
|o 621.944 WID
|p 9241003673
|r 2021-01-17 00:00:00
|t 1
|w 2021-01-17
|y BK15
|x 19991024 0 1
|x GrPaTEI
|
| 971 |
|
|
|a .b26483816
|b 15-04-20
|c 23-09-16
|
| 999 |
|
|
|c 164147
|d 164147
|